Komplementarne i substytucyjne zwiazki w konsumpcji dóbr i uslug.

Voľba medzi trhovou a naturálnou spotrebou a medzi individuálnymi a kolektívnymi formami spotreby. Proces nahradzovania a doplňovania v spotrebe tovarov a v službách. Hodnotenie stupňa uspokojovania potrieb tovarov a služieb vo svetle názorov spotrebiteľov.

Gespeichert in:
Bibliographische Detailangaben
1. Verfasser: Mazurek-Lopacinska, K.
Weitere Verfasser: Bialaszczyk, U.
Format: Buchkapitel
Sprache:Polnisch
Schlagworte:
Tags: Tag hinzufügen
Keine Tags, Fügen Sie das erste Tag hinzu!

MARC

LEADER 00000naa a2200000 4500
001 r004394
005 20221125122850.2
041 0 |a pol 
044 |a PL 
245 1 0 |a Komplementarne i substytucyjne zwiazki w konsumpcji dóbr i uslug.  |c K. Mazurek-Lopacinska, U. Bialaszczyk 
520 |a Voľba medzi trhovou a naturálnou spotrebou a medzi individuálnymi a kolektívnymi formami spotreby. Proces nahradzovania a doplňovania v spotrebe tovarov a v službách. Hodnotenie stupňa uspokojovania potrieb tovarov a služieb vo svetle názorov spotrebiteľov. 
610 2 0 |a spotreba 
610 2 0 |a služby 
610 2 0 |a tovar 
610 2 0 |a spotrebitelia 
610 2 0 |a potreby 
100 1 |a Mazurek-Lopacinska, K. 
700 1 |a Bialaszczyk, U.